Descubrir la ciudad : confidencias de un urbanista /
Estructurado a partir de breves ensayos y crónicas, el autor reflexiona sobre cuestiones muy diversas de la vida y la cultura urbanas, tanto relativas a cuestiones "técnicas", como a la dimensión social del desarrollo urbano.
שמור ב:
| מחבר ראשי: | |
|---|---|
| פורמט: | ספר |
| שפה: | ספרדית |
| יצא לאור: |
Barcelona, España :
Viena Ediciones,
2005, c2005
|
| נושאים: | |
| תגים: |
אין תגיות, היה/י הראשונ/ה לתייג את הרשומה!
|
MARC
| LEADER | 00000nam^a2200000^a^4500 | ||
|---|---|---|---|
| 001 | 000185747 | ||
| 005 | 20250521000000.0 | ||
| 009 | 20260310102202 | ||
| 020 | |a 84-8330-319-1 | ||
| 037 | |a Acervo ITESO - Biblioteca | ||
| 041 | |a ESP | ||
| 082 | |a 711. 01 |b QUE | ||
| 100 | |a Querol, Jordi |e (autor) | ||
| 245 | 1 | 0 | |a Descubrir la ciudad : |b confidencias de un urbanista / |c J. Querol. |
| 264 | 4 | |a Barcelona, España : |b Viena Ediciones, |c 2005, c2005 | |
| 300 | |a 183 p. | ||
| 336 | |a texto |b txt |2 rdacontenido | ||
| 337 | |a sin mediación |b n |2 rdamedio | ||
| 338 | |a volumen |b nc |2 rdasoporte | ||
| 520 | |a Estructurado a partir de breves ensayos y crónicas, el autor reflexiona sobre cuestiones muy diversas de la vida y la cultura urbanas, tanto relativas a cuestiones "técnicas", como a la dimensión social del desarrollo urbano. | ||
| 649 | |a XX | ||
| 650 | |a Ciudad (Concepto) | ||
| 650 | |a Desarrollo Urbano | ||
| 650 | |a Desarrollo Sustentable | ||
| 650 | |a Imagen Urbana | ||
| 650 | |a Zonas Comerciales y de Servicios | ||
| 650 | |a Zonificación Urbana | ||
| 650 | |a Equipamiento Urbano | ||
| 650 | |a Transporte Urbano | ||
| 650 | |a Cultura Urbana | ||
| 650 | |a Urbanismo | ||
| 650 | |a Sociología Urbana | ||
| 650 | |a Sociología de la Cultura | ||
| 910 | |a Fondo General | ||
| 920 | |a Impresos - Libros | ||
| 930 | |a Colección General | ||
| 905 | |a 101 | ||
| 901 | |a 0500127137 |b IT1 |c ACC |u 20250521 | ||
| 902 | |a https://opac.biblio.iteso.mx/vufind/Record/000185747 | ||